| 000 | 00408nam a2200169Ia 4500 | ||
|---|---|---|---|
| 008 | 230524s9999 xx 000 0 und d | ||
| 020 | _a9789327225266 | ||
| 082 | _bPAN | ||
| 100 |
_aSambhu Prasad Panda _942105 |
||
| 245 | 0 | _aDatabase Management System | |
| 250 | _a1 | ||
| 260 |
_aNew Delhi _bkalyani pub _c2012 |
||
| 300 | _a360p; | ||
| 500 | _aQuantity Number: 1 | ||
| 650 | _aComp-Sc | ||
| 942 | _cBK | ||
| 999 |
_c56510 _d56510 |
||